01004 2200313 4500001002100000005001500021035002000036007000300056008004100059020002200100082001100122084001500133100003300148245021600181250001000397260004800407300002800455650002900483700002300512700002000535700002300555700001600578700001700594700001700611700002200628700001800650990001100668990001100679INLIS00000000000321820190220103405 a0010-0219000160ta190220 g 0 ind  a978-979-055-730-7 a297.98 a297.98 PEM0 aPEMBELA, Islam Ahli Surga...1 aPembela Islam Ahli Surga :bKisah Thalhah bin Ubaidillah dan Zubair bin Awwam /cTim Syaamil Books; editor, Syamsu Arramly, Erik Komaruzzaman, Abdul Raup, Ali Muakhir, Abdul Wahab, Koko Nata Kusuma, Herlan Ahmad acet.1 aBandung :bSygma Creative Media Crop,c2017 a48 hlm :bilus ;c28 cm aISLAM.CERITA TOKOH ISLAM0 aTIM, Syaamil Books0 aSYAMSU, Arramly0 aERIK, Komaruzzaman0 aABDUL, Raup0 aALI, Muakhir0 aABDUL, Wahab0 aKOKO, Nata Kusuma0 aHERLAN, Ahmad a6556 a a6556 b